=LDR 00000nam 2200000 4500 =001 INLIS000000000008296 =005 20250523034827 =035 ##$$a 0010-061300000008296 =008 250523################g##########0#ind## =041 ##$$a Ind =082 ##$$a 2x7.42 =090 ##$$a 2x7.42, Sai m =100 ##$$a Said, Jaudat =245 1#$$a Meraih masa depan : $b Upaya memperbaiki diri /$c Jaudat Sa'id =260 ##$$a Bandung :$b Pustaka Hidayah,$c 2002 =300 ##$$a 245 hlm. ; $c 14 x 20 cm. =650 #4$$a Islam-pembaharuan pemikiran =084 ##$$a 2x7.42 SAI m =990 ##$$a 171.849/Pb.2002 =990 ##$$a 00089123 =990 ##$$a 171.846/Pb-2002 =990 ##$$a 00089123 =990 ##$$a 00089123 =990 ##$$a 171.849/Pb.2002 =990 ##$$a 171.849/Pb.2002 =990 ##$$a 171.846/Pb-2002 =990 ##$$a 171.846/Pb-2002